000 00820nam a2200229Ia 4500
003 GCL
008 140319s9999 xx 000 0 ara d
040 _aGCL /
_cGCL
082 0 4 _a320.54
_bم ا
100 1 _aسعدالدين ابراهيم
245 1 0 _aاتجاهات الراى العام العربى نحو مسالة الوحدة /
_cسعدالدين ابراهيم
700 1 _aمركز دراسات الوحدة العربية
260 _a[S.N] :
_bمركز دراسات الوحدة العربية ،
_c1981
300 _a373 ص
490 _a
650 0 4 _aالنزاع العربى الاسرائيلى
650 0 4 _aالقضية الفلسطينية
650 0 4 _aالوحدة العربية
650 0 4 _aالقومية العربية
650 0 4 _aالرأى العام
942 _2ddc
_cBK
999 _c35434
_d35434